00353nam a2200145Ia 45000030006000000080041000060400015000471000015000622450026000772500006001032600061001093000006001705460014001760050017001900STCL150530s9999 xx 000 0 und d aSTCLcSTCL aRyru Nayar aAbhijnana Sakunthalam a1 bSahitya Pravarthaka Co Operative Society ; Kottayac1983 a0 aMalayalam20220125170749.0